[Event "Open Marianske Lazne 2018 - A + B"]
[Site "?"]
[Date "2018.01.27"]
[Round "9"]
[White "Raahul, V S."]
[Black "Pena Gomez, Manuel"]
[Result "0-1"]
[WhiteElo "2205"]
[BlackElo "2491"]
[PlyCount "104"]
[EventDate "2018.??.??"]

1. c4 e6 2. g3 Nf6 3. Bg2 d5 4. Nf3 Be7 5. O-O O-O 6. b3 b6 7. Bb2 Bb7 8. e3 c5
9. Qe2 Nc6 10. d3 Qc7 11. Nbd2 Rad8 12. Rad1 Rfe8 13. a3 e5 14. Nh4 Qd7 15. Nb1
Bf8 16. Nc3 Nd4 17. exd4 exd4 18. Qf3 dxc3 19. Bxc3 d4 20. Qxb7 Qxb7 21. Bxb7
dxc3 22. Ng2 g6 23. Rc1 Re7 24. Bc6 Rd6 25. Ba4 Rxd3 26. Nf4 Rd2 27. Rxc3 Bh6
28. Rf3 Bxf4 29. Rxf4 Nh5 30. Rf3 Ra2 31. Rd1 Kg7 32. Rd6 f5 33. Re3 Rf7 34.
Be8 f4 35. Red3 Re7 36. Bc6 Rxa3 37. Rd7 Ra1+ 38. Kg2 Rae1 39. Rd8 fxg3 40.
hxg3 Nf6 41. Ra8 Rc7 42. Rd6 Re2 43. Bf3 Rb2 44. Rd3 h5 45. Rad8 Rf7 46. Kg1
Ng4 47. R3d7 Nxf2 48. Rxf7+ Kxf7 49. Bd5+ Ke7 50. Ra8 Ng4 51. Rxa7+ Kd6 52. Ra3
Rb1+ 0-1

[Event "Open Marianske Lazne 2018 - A + B"]
[Site "?"]
[Date "2018.01.27"]
[Round "9"]
[White "Siekanski, Janusz"]
[Black "Kochukova, Anna"]
[Result "1/2-1/2"]
[WhiteElo "2272"]
[BlackElo "2110"]
[PlyCount "77"]
[EventDate "2018.??.??"]

1. d4 d5 2. c4 dxc4 3. e3 a6 4. Bxc4 Nf6 5. Nf3 e6 6. O-O c5 7. Bd3 Nc6 8. a3
cxd4 9. exd4 Be7 10. Nc3 b5 11. Re1 Bb7 12. Bc2 Na5 13. Ne5 Rc8 14. Bg5 Nc4 15.
Nxc4 Rxc4 16. Be3 Nd5 17. Nxd5 Qxd5 18. f3 Qh5 19. Bd3 Rc8 20. a4 Bd6 21. h3 b4
22. a5 Qh4 23. Qe2 Qg3 24. Bxa6 Qh2+ 25. Kf1 Bxa6 26. Qxa6 O-O 27. Rec1 Ra8 28.
Qc6 Bg3 29. a6 Qh1+ 30. Bg1 Bf4 31. Re1 Bg3 32. Re2 Rfc8 33. Qb5 g6 34. Qd3 b3
35. Rd2 Bf4 36. Re2 Bg3 37. Rd2 Bf4 38. Re2 Bg3 39. Rd2 1/2-1/2

[Event "Open Marianske Lazne 2018 - A + B"]
[Site "?"]
[Date "2018.01.27"]
[Round "9"]
[White "Kubicka, Anna"]
[Black "German, Nikita"]
[Result "1/2-1/2"]
[WhiteElo "2256"]
[BlackElo "2229"]
[PlyCount "97"]
[EventDate "2018.??.??"]

1. c4 Nf6 2. Nc3 g6 3. Nf3 Bg7 4. e4 d6 5. d4 O-O 6. h3 Na6 7. Be3 e5 8. d5 c6
9. g4 Bd7 10. Nd2 Nc7 11. Be2 cxd5 12. cxd5 b5 13. a3 Qe7 14. h4 Rfb8 15. g5
Nfe8 16. h5 a5 17. hxg6 fxg6 18. b4 axb4 19. axb4 Na6 20. Rb1 Nec7 21. Bd3 Rf8
22. Qe2 Rab8 23. Qf1 Rf7 24. Qg2 Bf8 25. Qh2 Na8 26. Ne2 Nb6 27. Kf1 Nc4 28.
Nxc4 bxc4 29. Bxc4 Rxb4 30. Rxb4 Nxb4 31. Qh4 Qd8 32. Kg2 Nc2 33. Bd2 Qb6 34.
Rc1 Na3 35. Be3 Qb2 36. Bd3 Bb5 37. Bxb5 Qxb5 38. Qg4 Nc4 39. Rc3 Nxe3+ 40.
Rxe3 Qd7 41. Qxd7 Rxd7 42. Kg3 Be7 43. Kg4 Rb7 44. f4 exf4 45. Nxf4 Rb1 46. Ne6
Rg1+ 47. Rg3 Rxg3+ 48. Kxg3 h6 49. gxh6 1/2-1/2

[Event "Open Marianske Lazne 2018 - A + B"]
[Site "?"]
[Date "2018.01.27"]
[Round "9"]
[White "Hoefelsauer, Thomas"]
[Black "Lee, Qing Aun"]
[Result "0-1"]
[WhiteElo "2356"]
[BlackElo "2277"]
[PlyCount "82"]
[EventDate "2018.??.??"]

1. d4 Nf6 2. Nf3 e6 3. g3 d5 4. c4 Be7 5. Bg2 O-O 6. O-O dxc4 7. Ne5 c5 8. dxc5
Qc7 9. Nxc4 Qxc5 10. b3 Rd8 11. Nbd2 Qc7 12. Bb2 Nc6 13. Rc1 Bd7 14. e4 Nb4 15.
Be5 Qc5 16. Bxf6 Bxf6 17. e5 Bxe5 18. Ne4 Qc7 19. Qh5 f6 20. Nxe5 Qxe5 21. Qxe5
fxe5 22. Nc5 Bc6 23. Bxc6 bxc6 24. Nxe6 Rd6 25. Ng5 Nxa2 26. Rc4 h6 27. Nf3 Rd3
28. Nxe5 Rxb3 29. Rd1 Nb4 30. Rd7 Nd5 31. Rg4 g5 32. Nf7 Nf6 33. Nxh6+ Kh8 34.
Nf7+ Kh7 35. Nxg5+ Kg8 36. Rgd4 Nxd7 37. Rxd7 a5 38. f4 Rb5 39. Kg2 Rf5 40. Kf3
a4 41. g4 Rd5 0-1

[Event "Open Marianske Lazne 2018 - A + B"]
[Site "?"]
[Date "2018.01.27"]
[Round "9"]
[White "Nitish, Belurkar"]
[Black "Turner, Jan"]
[Result "1-0"]
[WhiteElo "2270"]
[BlackElo "2368"]
[PlyCount "41"]
[EventDate "2018.??.??"]

1. e4 d6 2. d4 Nf6 3. Nc3 e5 4. Nf3 Nbd7 5. Bc4 Be7 6. O-O O-O 7. Qe2 c6 8. a4
exd4 9. Nxd4 Nc5 10. Ba2 a5 11. f3 Re8 12. Be3 Bf8 13. Qf2 Qc7 14. Rfe1 Nfd7
15. Qg3 Ne5 16. Rad1 Kh8 17. Kh1 Qe7 18. Nf5 Bxf5 19. exf5 Qf6 20. Bxc5 dxc5
21. f4 1-0

[Event "Open Marianske Lazne 2018 - A + B"]
[Site "?"]
[Date "2018.01.27"]
[Round "9"]
[White "Makarian, Rudik"]
[Black "Sivakumar, Ashvin"]
[Result "1/2-1/2"]
[WhiteElo "2138"]
[BlackElo "2208"]
[PlyCount "74"]
[EventDate "2018.??.??"]

1. Nf3 Nf6 2. c4 c5 3. e3 g6 4. b3 Bg7 5. Bb2 O-O 6. Be2 Nc6 7. O-O d6 8. d4
cxd4 9. exd4 Ne4 10. Qc2 Bf5 11. Qc1 Qb6 12. d5 Nd4 13. Nxd4 Bxd4 14. Bxd4 Qxd4
15. Na3 e5 16. dxe6 fxe6 17. Nc2 Qb6 18. Ne3 Nc5 19. Nxf5 Rxf5 20. Bg4 Rf6 21.
Qe3 Raf8 22. Rab1 e5 23. b4 Na4 24. Qb3 Qd4 25. Qd1 Rxf2 26. Qxd4 Rxf1+ 27.
Rxf1 Rxf1+ 28. Kxf1 exd4 29. Ke2 Nc3+ 30. Kd3 Nxa2 31. b5 Kf7 32. Kxd4 Nb4 33.
Bc8 b6 34. Kc3 Na2+ 35. Kb2 Nb4 36. Kc3 Na2+ 37. Kb2 Nb4 1/2-1/2

[Event "Open Marianske Lazne 2018 - A + B"]
[Site "?"]
[Date "2018.01.27"]
[Round "9"]
[White "Lukasiewicz, Krzysztof"]
[Black "Voinikonis, Nikita"]
[Result "1-0"]
[WhiteElo "2218"]
[BlackElo "2218"]
[PlyCount "67"]
[EventDate "2018.??.??"]

1. e4 c5 2. Nf3 d6 3. d4 cxd4 4. Nxd4 Nf6 5. Nc3 a6 6. h3 e5 7. Nde2 h5 8. Bg5
Be7 9. Ng3 h4 10. Nf5 Bxf5 11. exf5 Nbd7 12. Bc4 Rh5 13. Ne4 Nxe4 14. Bxe7 Qb6
15. O-O Rxf5 16. Bxh4 g5 17. Qd5 Rf4 18. Rae1 O-O-O 19. Rxe4 Nf6 20. Rxf4 Nxd5
21. Rxf7 Qd4 22. Bxg5 Qxc4 23. Bxd8 Kxd8 24. Rxb7 Qxc2 25. g3 Nc7 26. h4 d5 27.
h5 Qh7 28. Rc1 Qxh5 29. Rcxc7 Qd1+ 30. Kg2 e4 31. Rh7 Qf3+ 32. Kg1 Qd1+ 33. Kh2
Kc8 34. Rbg7 1-0

[Event "Open Marianske Lazne 2018 - A + B"]
[Site "?"]
[Date "2018.01.27"]
[Round "9"]
[White "Heimrath, Reiner"]
[Black "Vulfson, Vladimir"]
[Result "0-1"]
[WhiteElo "2260"]
[BlackElo "2401"]
[PlyCount "90"]
[EventDate "2018.??.??"]

1. e4 c5 2. Nc3 Nc6 3. d3 d6 4. Be3 Nf6 5. h3 d5 6. exd5 Nxd5 7. Nxd5 Qxd5 8.
Ne2 e5 9. Nc3 Qd7 10. Be2 Be7 11. Bg4 Qd8 12. Bxc8 Rxc8 13. Qg4 Nd4 14. Bxd4
cxd4 15. Nd5 O-O 16. Nxe7+ Qxe7 17. O-O-O Rc5 18. Rhe1 Qd6 19. Rd2 f5 20. Qd1
Qd5 21. Kb1 Qxg2 22. f4 Qg3 23. Rf1 Qxh3 24. Re2 Re8 25. Rh1 Qf3 26. Rxh7 e4
27. Rh1 Kf7 28. Rf1 Qg4 29. Rg1 exd3 30. Rxg4 dxe2 31. Rxg7+ Kf8 32. Qe1 Kxg7
33. Kc1 Kf7 34. Kd2 Rc6 35. Kd3 Ree6 36. a4 a5 37. Kd2 Ke8 38. Kd3 Kd7 39. Kd2
Re4 40. Kd3 b6 41. Kd2 Rce6 42. Kd3 Rxf4 43. Kc4 Rf1 44. Qh4 e1=Q 45. Qh7+ Kc6
0-1

[Event "Open Marianske Lazne 2018 - D"]
[Site "Marianske Lazne (CZE)"]
[Date "2018.01.27"]
[Round "9"]
[White "Paldus, Petr"]
[Black "Bartos, Jan"]
[Result "1/2-1/2"]
[WhiteElo "1943"]
[BlackElo "2197"]
[PlyCount "94"]
[EventDate "2018.01.20"]

1.e4 c5 2.b3 g6 3.Bb2 Nf6 4.g3 Bg7 5.Bg2 d6 6.Ne2 O-O 7.O-O Nc6 8.d4 cxd4 9.Nxd4 Bd7 10.Nd2 Nxd4 11.Bxd4 Bc6 12.c4 Ne8 13.Bxg7 Nxg7 14.Re1 Qb6 15.Nf3 Ne6 16.Qd2 a5 17.Bh3 Nc5 18.Qh6 f6 19.Re3 a4 20.Rae1 axb3 21.axb3 Ra3 22.Nd4 Bd7 23.Bxd7 Nxd7 24.Qh3 Nc5 25.Ne6 Rfa8 26.Nxc5 Qxc5 27.Qd7 Kf7 28.Qxb7 Ra1 29.Qd5+ Qxd5 30.exd5 Rxe1+ 31.Rxe1 Ra2 32.Rb1 Ke8 33.Kg2 Kd7 34.h4 h5 35.Re1 Rb2 36.Re3 Rb1 37.f3 Rb2+ 38.Kh3 Rb1 39.Rc3 f5 40.Re3 Kd8 41.Kg2 Rb2+ 42.Kf1 f4 43.gxf4 Rh2 44.Kg1 Rb2 45.Kf1 Rh2 46.Re4 Rb2 47.Re3 Rh2 1/2-1/2

[Event "Open Marianske Lazne 2018 - D"]
[Site "Marianske Lazne (CZE)"]
[Date "2018.01.27"]
[Round "9"]
[White "Baum, Bernd"]
[Black "Malinovsky, Petr"]
[Result "1/2-1/2"]
[WhiteElo "2314"]
[BlackElo "2001"]
[PlyCount "89"]
[EventDate "2018.01.20"]

1.c4 e6 2.g3 d5 3.Bg2 c6 4.d3 dxc4 5.dxc4 Qxd1+ 6.Kxd1 Nf6 7.b3 Bc5 8.e3 a5 9.Nc3 O-O 10.Nf3 Nbd7 11.Bb2 Rb8 12.Ke2 b5 13.cxb5 cxb5 14.Rhd1 Ba6 15.Ke1 Rfc8 16.Rac1 a4 17.Nd4 a3 18.Ba1 Ne5 19.Ne4 Bb6 20.Nxf6+ gxf6 21.Nc6 Nxc6 22.Bxc6 Rc7 23.Be4 Kg7 24.Bd3 Ba5+ 25.Ke2 Rbc8 26.Rxc7 Rxc7 27.f4 Bb7 28.g4 h6 29.h4 Rc8 30.g5 Bc3 31.Bxc3 Rxc3 32.Kd2 b4 33.Rc1 Rxc1 34.gxf6+ Kxf6 35.Kxc1 e5 36.Kd2 e4 37.Be2 Bd5 38.Bd1 h5 39.Ke1 Be6 40.Kf2 Kg6 41.Bc2 Bd5 42.Ke1 Kf6 43.Bd1 Be6 44.Kf2 Kg7 45.Bc2 1/2-1/2

[Event "Open Marianske Lazne 2018 - D"]
[Site "Marianske Lazne (CZE)"]
[Date "2018.01.27"]
[Round "9"]
[White "Stigar, Petter"]
[Black "Chmelik, Jiri"]
[Result "1-0"]
[WhiteElo "2211"]
[BlackElo "1999"]
[PlyCount "61"]
[EventDate "2018.01.20"]

1.e4 c5 2.Nf3 d6 3.Bb5+ Nc6 4.O-O Bd7 5.Re1 a6 6.Bxc6 Bxc6 7.d4 cxd4 8.Nxd4 e6 9.c4 Nf6 10.Nc3 Be7 11.Nxc6 bxc6 12.b3 O-O 13.Bb2 Qc7 14.Qe2 e5 15.Rac1 Rfb8 16.Na4 Nd7 17.Red1 c5 18.Rd3 Nf8 19.Nc3 Ne6 20.Nd5 Qb7 21.Rh3 h6 22.Rg3 Rf8 23.Qg4 g6 24.Rd1 Kh7 25.Rgd3 Nd4 26.Bxd4 cxd4 27.Rf3 Kg7 28.Rg3 Ra7 29.f4 h5 30.Qe2 h4 31.Rf3 1-0

[Event "Open Marianske Lazne 2018 - C"]
[Site "Marianske Lazne (CZE)"]
[Date "2018.01.27"]
[Round "9"]
[White "Neckar, Lubomir"]
[Black "Kolbus, Dietmar"]
[Result "1/2-1/2"]
[WhiteElo "2293"]
[BlackElo "2322"]
[PlyCount "23"]
[EventDate "2018.01.20"]

1.Nf3 g6 2.g3 Bg7 3.d4 d5 4.Bg2 Nf6 5.c4 c6 6.Nbd2 O-O 7.O-O Qb6 8.b3 Na6 9.Bb2 Bf5 10.Rc1 Rad8 11.Ne5 Ng4 12.Nef3  1/2-1/2